[Event "FIDE World Cup 2025"]
[Site "Goa IND"]
[Date "2025.11.19"]
[Round "6.5"]
[White "Shankland, S."]
[Black "Esipenko, Andrey"]
[Result "0-1"]
[WhiteElo "2649"]
[BlackElo "2681"]
[PlyCount "92"]
[EventDate "2025.11.01"]
[EventType "k.o."]

1. c4 e6 2. Nc3 d5 3. d4 Be7 4. Bf4 Nf6 5. e3 O-O 6. Nf3 Nbd7 7. a3 dxc4 8. Bxc4 a6 9. O-O b5 10. Be2 c5 11. dxc5 Nxc5 12. b4 Ncd7 13. Qb3 $146 ({RR} 13. Nd4 Bb7 14. Bf3 Qb6 15. Nb3 Rac8 16. Rc1 Rfd8 17. Bxb7 Qxb7 18. Na5 Qa8 19. Qb3 Nb6 20. Ne2 Rxc1 21. Rxc1 Rc8 22. Rxc8+ Qxc8 23. Qc3 Qd7 24. Qc2 Nc4 25. Nxc4 bxc4 26. h3 Qc6 27. Be5 Nd7 {Lupulescu,C (2577)-Sjugirov,S (2632) Batumi GEO 2025 ½-½ (41)}) ({RR} 13. Nd4 Bb7 14. Bf3 Qb6 15. Nb3 Rac8 16. Rc1 Rfd8 17. Bxb7 Qxb7 18. Na5 Qa8 19. Qb3 Nb6 20. Ne2 Rxc1 21. Rxc1 Rc8 22. Rxc8+ Qxc8 23. Qc3 Qd7 24. Qc2 Nc4 25. Nxc4 bxc4 26. h3 Qc6 27. Be5 Nd7 {Lupulescu,C (2577)-Sjugirov,S (2632) Batumi 2025 ½-½ (41)}) 13... Bb7 14. Rfd1 Qb6 15. e4 Rad8 16. Be3 Qc7 17. Rac1 Qb8 18. Qb1 Ng4 19. Bd2 Qa7 20. Be1 Nde5 21. Nxe5 Nxe5 22. Kf1 Nc6 23. f3 Nd4 24. Bf2 Bg5 25. Rc2 e5 26. Bd3 Qb8 27. Rb2 Bc8 28. a4 Be6 29. axb5 axb5 30. Ne2 Rd7 31. Nxd4 exd4 32. g3 Be3 33. Rc2 Ra7 34. Re1 Ra3 35. Rc5 Rb3 36. Qd1 Rxb4 37. Bxe3 dxe3 38. Qc1 Qd6 39. Be2 Bc4 40. Bxc4 bxc4 41. Rd5 Qh6 42. h4 Qf6 43. Rxe3 Rfb8 44. Qc3 Rb1+ 45. Ke2 R8b2+ 46. Rd2 Rxd2+ 0-1

[Event "FIDE World Cup 2025"]
[Site "Goa IND"]
[Date "2025.11.19"]
[Round "6.3"]
[White "Shankland, S."]
[Black "Esipenko, Andrey"]
[Result "0-1"]
[WhiteElo "2649"]
[BlackElo "2681"]
[PlyCount "94"]
[EventDate "2025.11.01"]
[EventType "k.o."]

1. c4 e6 2. Nc3 d5 3. d4 Be7 4. cxd5 exd5 5. Bf4 c6 6. e3 Bf5 7. Nge2 Nd7 8. h4 Nf8 ({RR} 8... Ngf6 9. f3 h5 10. Ng3 Bg6 11. Bd3 Nf8 12. Nf5 Ne6 13. Bg3 Bxf5 14. Bxf5 Bd6 15. Bf2 Qe7 16. g3 Rd8 17. Bh3 Qc7 18. Ne2 O-O 19. O-O Rfe8 20. Rc1 Re7 21. Qd2 Rde8 22. b4 a6 23. Kg2 {Stockfish dev-20240728-2343f7 (3662)-LCZero 0.31-dag-5350a2e-BT4-6 (3631) tcec-chess.com INT 2024 ½-½ (51)}) 9. h5 Nf6 10. f3 $146 ({RR} 10. Ng3 Bc8 11. Be5 N8d7 12. Bf4 Nf8 13. Bd3 Ne6 14. Be5 Nd7 15. Nf5 Nxe5 16. dxe5 Bf8 17. Qg4 Qc7 18. Qg3 Bd7 19. Rc1 Qb6 20. O-O g6 21. Nd6+ Bxd6 22. exd6 O-O 23. Bf5 Qd8 24. e4 Qf6 {So,W (2753)-Lazavik,D (2605) Doha QAT 2025 1-0 (34)}) ({RR} 10. Ng3 Bc8 11. Qc2 Ne6 12. Be5 Ng4 13. h6 Nxe5 14. hxg7 Nxg7 15. dxe5 h5 16. O-O-O Qb6 17. e4 d4 18. Na4 Qa5 19. f4 Bg4 20. Be2 O-O-O 21. Bxg4+ hxg4 22. Rxh8 Rxh8 23. a3 Ne6 24. Nf5 Bf8 {Kaufman,D (2475)-Valiyev,S (2405) Baku AZE 2026 ½-½}) 10... h6 11. Ng3 Bh7 12. Bd3 Ne6 13. Bxh7 Nxh7 14. Nf5 Nxf4 15. exf4 O-O 16. Qd3 Bd6 17. g3 Re8+ 18. Kf2 Qd7 19. Nd1 Re6 20. Nde3 Rae8 21. Rac1 Nf6 22. Rc2 b6 23. Kg2 c5 24. dxc5 Bxc5 25. Ng4 Nxg4 26. fxg4 d4 27. Rd1 Qd5+ 28. Kh3 Re1 29. Rxe1 Rxe1 30. a3 a5 31. b4 axb4 32. axb4 Bf8 33. Rh2 Rh1 34. Qxd4 Qf3 35. Qb2 b5 36. Rxh1 Qxh1+ 37. Qh2 Qe4 38. Qg2 Qxb4 39. Qd5 Qc5 40. Qd3 b4 41. Ne3 Qb6 42. Nc4 Qb5 43. Qb3 Qd5 44. Kh2 Bc5 45. Qc2 Qd4 46. Ne5 b3 47. Qg2 Qg1+ 0-1

[Event "Titled Tue 9th Dec 2025"]
[Site "chess.com INT"]
[Date "2025.12.09"]
[Round "7"]
[White "Andreikin, D."]
[Black "Le, Quang Liem"]
[Result "1-0"]
[WhiteElo "2710"]
[BlackElo "2731"]
[PlyCount "67"]
[EventDate "2025.12.09"]

1. c4 e6 2. Nc3 d5 3. d4 Be7 4. cxd5 exd5 5. Bf4 c6 6. e3 Bf5 7. Nge2 Nd7 8. Ng3 Be6 9. Nh5 Bf8 10. Bg3 Ngf6 11. Nf4 Bf5 12. Bd3 Bxd3 13. Nxd3 Be7 $146 ({RR} 13... Ne4 14. Qc2 Ndf6 15. Be5 Bd6 16. f3 Nxc3 17. bxc3 O-O 18. O-O Bxe5 19. Nxe5 Re8 20. Rab1 Qc7 21. Rfe1 Re7 22. Nd3 Rae8 23. Qd2 Nd7 24. Re2 b5 25. Rbe1 Nb6 26. Nb2 h6 27. e4 dxe4 28. fxe4 {Caruana,F (2792)-Le,Q (2731) Hong Kong HKG 2026 1-0 (56)}) 14. O-O O-O 15. Qc2 Nb6 16. Rad1 Re8 17. Kh1 Nh5 18. Be5 Nc4 19. e4 g6 20. exd5 cxd5 21. Qb3 Qd7 22. h3 Rac8 23. Bh2 Red8 24. Rfe1 b6 25. Nxd5 Qxd5 26. Rxe7 Qxd4 27. Rde1 Nf6 28. Ne5 Nd5 29. Rxf7 Re8 30. Rd7 Qxf2 31. Bg3 Qxe1+ 32. Bxe1 Rxe5 33. Bc3 Rf5 34. Kh2 1-0

[Event "2nd 3-0 Thu 20th Nov 2025"]
[Site "chess.com INT"]
[Date "2025.11.20"]
[Round "5"]
[White "Sarana, A."]
[Black "Bluebaum, M."]
[Result "1-0"]
[WhiteElo "2675"]
[BlackElo "2680"]
[PlyCount "229"]
[EventDate "2025.11.20"]

1. d4 d5 2. c4 e6 3. Nc3 Bb4 4. Qa4+ Nc6 5. Nf3 Nf6 6. Bd2 O-O 7. a3 Bxc3 8. Bxc3 Ne4 ({RR} 8... Bd7 9. Qb3 dxc4 10. Qxc4 Ne7 11. e3 Bc6 12. Be2 Bd5 13. Qa4 Ne4 14. Rc1 Ng6 15. O-O c6 16. Qc2 f5 17. Rfd1 Nh4 18. Bb4 Nxf3+ 19. Bxf3 Rf6 20. Bxe4 fxe4 21. a4 Rg6 22. Qe2 Qg5 23. Qf1 {Carlsen,M (2863)-Ding,L (2791) chess24.com INT 2020 ½-½ (83)}) 9. cxd5 ({RR} 9. Qc2 Nxc3 10. Qxc3 Ne7 11. e3 b6 12. Be2 Ba6 13. O-O c5 14. dxc5 bxc5 15. Rfe1 Qb6 16. Ne5 Rfd8 17. Rac1 Rac8 18. cxd5 Bxe2 19. Rxe2 exd5 20. Nd3 Qb5 21. a4 Qxa4 22. Nxc5 Qb5 23. Rec2 h6 {Gong,S (2422)-Chen,l (2114) Zhejiang CHN 2026 1-0}) ({RR} 9. e3 e5 10. cxd5 Qxd5 11. Bc4 Nxc3 12. bxc3 Qd6 13. O-O Bd7 14. Qc2 Qf6 15. Bd5 exd4 16. cxd4 Rab8 17. Be4 g6 18. d5 Ne7 19. Qxc7 Bf5 20. Bxf5 Nxd5 21. Qc5 Qxf5 22. Qxa7 Nc3 23. Nd4 Qd3 {Drygalov,A (2404)-Bluebaum,M (2694) chess.com INT 2026 1-0 (93)}) 9... exd5 10. e3 $146 ({RR} 10. Rc1 Qf6 11. e3 Qg6 12. Qd1 Re8 13. b4 a6 14. Bb2 Bg4 15. Qc2 Rac8 16. Be2 Re6 17. Rf1 Qh6 18. Qb3 Ne7 19. a4 c6 20. b5 axb5 21. axb5 Re8 22. h3 Bxf3 23. gxf3 Nd6 24. bxc6 bxc6 {Galperin,P (2554)-Abasov,N (2621) Ankara TUR 2024 0-1 (41)}) ({RR} 10. Rc1 Qf6 11. e3 Qg6 12. Qd1 Re8 13. b4 a6 14. Bb2 Bg4 15. Qc2 Rac8 16. Be2 Re6 17. Rf1 Qh6 18. Qb3 Ne7 19. a4 c6 20. b5 axb5 21. axb5 Re8 22. h3 Bxf3 23. gxf3 Nd6 24. bxc6 bxc6 {Galperin,P (2554)-Abasov,N (2621) Ankara TUR 2024 0-1 (41)}) 10... Bg4 11. Be2 Qf6 12. h3 Bh5 13. O-O Ng5 14. Qd1 Nxf3+ 15. Bxf3 Bxf3 16. Qxf3 Qxf3 17. gxf3 Rfe8 18. Rac1 Ne7 19. Bb4 c6 20. Bxe7 Rxe7 21. f4 f6 22. h4 Kf7 23. Kg2 a5 24. b3 Ra6 25. Rc5 Re8 26. Kf3 f5 27. Rb1 h5 28. Rg1 g6 29. Rf1 Rea8 30. Rb1 Rb6 31. Ke2 Kf6 32. Kd3 Kf7 33. Kc2 Kf6 34. Kb2 Kf7 35. Rg1 Kf6 36. Rg5 Kf7 37. Rc1 Rba6 38. Rcg1 Rg8 39. Kc3 Rg7 40. Rb1 Rg8 41. Rb2 Rg7 42. Rg1 Rg8 43. Kd3 Rga8 44. Rc1 Rb6 45. Rc5 Kf6 46. Kc3 Kf7 47. Kc2 Kf6 48. Rb1 Kf7 49. Rc3 Kf6 50. Re1 Kf7 51. Kb2 Kf6 52. f3 Re8 53. Rc5 Ra6 54. Kc3 Kf7 55. Kd3 Rb6 56. Rb1 Ra6 57. Rb2 Kf6 58. Rg2 Kf7 59. Re2 Rb6 60. Rc3 Ra6 61. Kc2 Kf6 62. Rc5 Re7 63. Kd2 Re8 64. Re1 Re7 65. Rec1 Re8 66. R1c3 Re7 67. b4 axb4 68. axb4 Ra2+ 69. Rc2 Ra3 70. R2c3 Ra2+ 71. Rc2 Ra3 72. R5c3 Ra1 73. Rc1 Ra2+ 74. R1c2 Ra1 75. b5 cxb5 76. Rc1 Ra2+ 77. R3c2 Ra3 78. Rc3 Ra2+ 79. R1c2 Ra1 80. Rb2 Rh1 81. Rxb5 Rxh4 82. Rxd5 Rh2+ 83. Kd3 Rf2 84. Re5 Rxf3 85. Rc8 Rf2 86. Rf8+ Kg7 87. Rxe7+ Kxf8 88. Rxb7 h4 89. Rh7 Rh2 90. d5 Kg8 91. d6 Kxh7 92. d7 Rh1 93. Kd2 Rh2+ 94. Kc3 Re2 95. Kd3 Re1 96. Kd2 Rg1 97. d8=Q Rg4 98. Qe7+ Kg8 99. Qe8+ Kg7 100. Qd7+ Kg8 101. Qc8+ Kg7 102. Qb7+ Kg8 103. Qf3 Kg7 104. Kd3 Kf6 105. Kd4 Rg3 106. Qa8 Kg7 107. Qd8 Rg4 108. Qe7+ Kh6 109. Ke5 Rg3 110. Qxh4+ Kg7 111. Qxg3 Kf7 112. Qg5 Kg7 113. Ke6 Kh7 114. Kf7 Kh8 115. Qh6# 1-0

[Event "1st 3-0 Thu 11th Dec 2025"]
[Site "chess.com INT"]
[Date "2025.12.11"]
[Round "5"]
[White "Sevian, Samuel"]
[Black "Bacrot, E."]
[Result "0-1"]
[WhiteElo "2688"]
[BlackElo "2628"]
[PlyCount "116"]
[EventDate "2025.12.11"]

1. c4 {Huzman,Alexander} e6 2. Nc3 d5 3. d4 dxc4 4. e3 Nf6 5. Bxc4 a6 6. Bb3 c5 7. Nf3 b5 8. Qe2 Bb7 9. O-O Nbd7 10. Rd1 Qc7 11. d5 c4 12. dxe6 fxe6 13. Bc2 Bd6 ({RR} 13... Bc5 14. a3 ({RR} 14. a4 Qc6 15. axb5 axb5 16. Rxa8+ Bxa8 17. e4 e5 18. h3 O-O 19. b3 Kh8 20. bxc4 bxc4 21. Ba4 Qe6 22. Ng5 Qe7 23. Qxc4 Nb6) ({RR} 14. Nd4 O-O 15. e4 Qb6 16. Be3 Ne5 17. a4 Neg4 18. a5 Qc7 19. g3 Nxe3 20. fxe3 Qe5) ({RR} 14. Ng5 Qe5 15. f4 Qxf4 16. Nxe6 Qe5 17. Nxc5 ({RR} 17. Nxg7+ Kf7 18. Nf5) 17... Nxc5 18. Bd2 O-O 19. Be1 Rae8 20. Bg3 Qxe3+ 21. Qxe3 Rxe3 22. Bf4 Ng4) 14... O-O 15. Ng5 Rae8 16. Nge4 Be7 17. Nxf6+ Nxf6 18. e4 Bc5 19. Kh1 e5) ({RR} 13... O-O-O 14. e4 Bc5 15. Be3 Ng4 16. Bxc5 Nxc5 17. b4 cxb3 18. axb3 Kb8 19. Rdc1 Rhf8 20. b4 Rxf3 21. Qxf3 Qxh2+ 22. Kf1 Rd2 23. Qg3+ Qxg3 24. fxg3 Ne3+ 25. Kg1 Rxg2+ 26. Kh1 Nd7 27. Bb3 Ne5 28. Re1 {Gallego Alcaraz,A (2486)-Nihal,S (2723) Hong Kong HKG 2026 0-1 (43)}) 14. h3 ({RR} 14. Qd2 Ke7 ({RR} 14... Bc5 15. Ng5 Ng4 16. g3 Nde5 17. Nce4) 15. e4 Ne5 ({RR} 15... Rhd8 16. Qg5 Kf8 17. Rxd6 Qxd6 18. e5) 16. Nxe5 Bxe5 17. f4 Qc5+ 18. Qe3 ({RR} 18. Kh1 Ng4 ({RR} 18... Bxc3 19. Qxc3 Rhd8 20. Be3 Qh5 21. Qa5) 19. Qd7+ ({RR} 19. Rf1 Bd4 20. h3 Ne3 21. Rf3 Nxc2 22. Qxc2 Kf7) 19... Kf8 20. Rf1 Bc7 ({RR} 20... Nf2+ 21. Rxf2 Qxf2 22. Be3 Qxe3 23. fxe5 Qf2 24. Qxb7 Rd8 25. Rg1) 21. f5 Ne5 ({RR} 21... Nf2+ 22. Rxf2 Qxf2 23. Be3 Qxe3 24. Rf1) 22. fxe6+ Kg8 23. Qd1 Re8 24. Nd5) 18... Qxe3+ 19. Bxe3 Bxc3 20. bxc3 Bxe4 21. Bc5+ Ke8 22. Bxe4 Nxe4 23. Bd4 Kf7 24. Re1 ({RR} 24. a4 Rhd8 25. Re1 Nd2) 24... Nf6 25. Re5 Rad8 26. a4 ({RR} 26. Rc5 Rc8 27. a4 Rxc5 28. Bxc5 Rd8 29. axb5 axb5 30. Ra7+ Kg6 31. Bd4 Rxd4 ({RR} 31... b4 32. Bxf6 Kxf6 33. cxb4 Rb8) 32. cxd4 Nd5 33. Kf2 b4) 26... b4 27. Rc5 Rxd4 28. cxd4 c3 {Lputian,S (2634)-Vallejo Pons,F (2666) Moscow 2004 CBM 102 [Huzman,Alexander] 1-0 (76)}) ({RR} 14. e4 O-O 15. Bg5 Bc5 16. Bh4 Nh5 17. Ng5 Nf4 18. Qd2 Ne5 19. Bg3 Rad8 20. Qe1 Rxd1 21. Rxd1 Qe7 22. Bxf4 Rxf4) 14... O-O 15. Qd2 $146 ({RR} 15. Ng5 Qc6 16. f3 Rfe8 17. Qd2 Bc5 18. Nxh7 Bxe3+ 19. Qxe3 Nxh7 20. Bxh7+ Kxh7 21. Qe4+ Qxe4 22. Nxe4 Bxe4 23. Rxd7 Bd5 24. Bg5 Bc6 25. Re7 Rxe7 26. Bxe7 Re8 27. Bg5 Kg6 28. h4 Rc8 29. Kf2 Bd5 {Vasiliev,S-Kozlovsky,A Nikolaev 2009 ½-½ (45)}) ({RR} 15. Ng5 Nc5 16. Rd4 Rad8 17. b4 cxb3 18. axb3 h6 19. Nge4 Ncxe4 20. Nxe4 Bxe4 21. Bxe4 Bh2+ 22. Kf1 Be5 23. Bd3 Bxd4 24. exd4 Qh2 25. Qf3 Rxd4 26. Bb2 Rf4 27. Qe3 Ne4 28. Bxe4 Rxf2+ 29. Qxf2 Rxf2+ {Justo,D (2306)-Parmentier,X (2348) Clichy 2002 0-1 (39)}) 15... Be7 16. Nd4 Nc5 17. b4 cxb3 18. axb3 b4 19. Nce2 Nfe4 20. Bxe4 Nxe4 21. Nxe6 Qb6 22. Qd7 Rfd8 23. Qxe7 Rxd1+ 24. Kh2 Qd6+ 25. Qxd6 Rxd6 26. N6d4 Rc8 27. f3 Nc3 28. e4 Nxe2 29. Nxe2 Rd3 30. Bf4 Rc2 31. Ng3 Rxf3 32. Be5 Rxb3 33. Rd1 Rxg3 34. Kxg3 Bxe4 35. Kf4 Bxg2 36. Rd7 b3 37. Rxg7+ Kf8 38. Rxh7 a5 39. Ra7 b2 40. Bxb2 Rf2+ 41. Kg3 Rxb2 42. Rxa5 Bb7 43. Re5 Rb3+ 44. Kf4 Kf7 45. Rf5+ Ke6 46. Re5+ Kf6 47. Re3 Rb4+ 48. Kg3 Bc8 49. Re2 Bf5 50. Kf2 Rf4+ 51. Ke1 Ra4 52. Rf2 Ra1+ 53. Ke2 Ra2+ 54. Kf1 Ra4 55. Kg2 Ra6 56. Kg3 Ra4 57. Rf3 Kg6 58. Rf4 Ra3+ 0-1

[Event "Titled Tue 7th Oct 2025"]
[Site "chess.com INT"]
[Date "2025.10.07"]
[Round "6"]
[White "Andreikin, D."]
[Black "Bacrot, E."]
[Result "1-0"]
[WhiteElo "2710"]
[BlackElo "2627"]
[PlyCount "69"]
[EventDate "2025.10.07"]

1. c4 e6 2. Nc3 d5 3. d4 c6 4. Qb3 Nf6 5. Bg5 Be7 6. e3 h6 7. Bxf6 Bxf6 8. Nf3 O-O 9. Rd1 a6 ({RR} 9... Qb6 10. Qc2 dxc4 11. Bxc4 c5 12. Ne4 Be7 13. dxc5 Bxc5 14. O-O Be7 15. Be2 Bd7 16. Ne5 Rc8 17. Qd3 Be8 18. Nc4 Qc7 19. Ned6 Rd8 20. Nxe8 Rxe8 21. Bf3 Rd8 22. Qb3 Nc6 23. g3 Bf6 24. Kg2 {Kasparov,G (2750)-Timman,J (2675) Amsterdam 1988 ½-½}) ({RR} 9... Qa5 10. h4 g6 11. Bd3 Nd7 12. cxd5 exd5 13. O-O Bg7 14. e4 dxe4 15. Nxe4 Qd5 16. Qc2 Nb6 17. Nc3 Qh5 18. Rde1 Nd5 19. Nxd5 cxd5 20. Re7 Bf6 21. Re3 Bg4 22. Ne5 Rac8 23. Qb3 Bf5 24. Bxf5 {Levin,G (2464)-Gombocz,F (2315) London ENG 2025 1-0 (38)}) 10. Bd3 $146 ({RR} 10. cxd5 cxd5 11. Bd3 Nc6 12. O-O b5 13. Bb1 g6 14. e4 Bg7 15. Rfe1 Na5 16. Qc2 b4 17. Na4 dxe4 18. Qxe4 Bb7 19. Qf4 Qf6 20. Qxf6 {½-½ (20) Nikolic,P (2676)-Onischuk,A (2652) Wijk aan Zee 2005}) ({RR} 10. a3 Nd7 11. Bd3 b5 12. cxb5 cxb5 13. Bb1 g6 14. e4 dxe4 15. Nxe4 Bb7 16. O-O Bg7 17. Rfe1 Rc8 18. Qe3 Nb6 19. h4 Nc4 20. Qe2 Bd5 21. h5 g5 22. Ne5 Nxe5 23. dxe5 Bxe5 24. b4 Re8 {Boensch,U (2540)-Vaganian,R (2667) Germany 2002 1-0 (77)}) 10... dxc4 11. Qxc4 b5 12. Qc5 Bb7 13. Qh5 c5 14. Qxc5 Nd7 15. Qh5 Rc8 16. O-O Qe7 17. Rc1 Nb6 18. Ne4 Na4 19. Rb1 Bd5 20. g4 g6 21. Qxh6 Bg7 22. Qh3 Bxe4 23. Bxe4 f5 24. gxf5 gxf5 25. Bd3 Rf6 26. Kh1 Rh6 27. Qg2 Kh8 28. Rg1 Bf6 29. Rbc1 Rf8 30. b3 Nb6 31. e4 Qh7 32. Rce1 Bd8 33. exf5 Nd5 34. f6 Nf4 35. Qg7+ 1-0

[Event "Titled Tue 9th Dec 2025"]
[Site "chess.com INT"]
[Date "2025.12.09"]
[Round "9"]
[White "Giri, A."]
[Black "Narayanan, SL."]
[Result "1-0"]
[WhiteElo "2760"]
[BlackElo "2616"]
[PlyCount "105"]
[EventDate "2025.12.09"]

1. c4 e6 2. Nc3 d5 3. d4 h6 4. cxd5 exd5 5. Bf4 Nf6 6. e3 Bd6 7. Bxd6 Qxd6 8. Bd3 O-O 9. h3 Re8 10. Nge2 c6 11. Qc2 Nbd7 12. O-O $146 ({RR} 12. O-O-O b5 13. g4 Nb6 14. Rhg1 b4 15. Na4 Nxa4 16. Qxa4 Ne4 17. Bxe4 dxe4 18. Qa5 Rb8 19. Kb1 Rb5 20. Qa4 g5 21. Nc1 Be6 22. Nb3 Reb8 23. Nc5 Bd5 24. Rd2 Qd8 25. Qc2 Bxa2+ 26. Kc1 Bd5 {Madajczak,P (2157)-Jires,J (2121) Krakow POL 2026 ½-½ (35)}) 12... Nf8 13. Rab1 a5 14. a3 Bd7 15. Na4 Ne6 16. Rfc1 Qe7 17. Nb6 Ra7 18. b4 axb4 19. axb4 Qd8 20. Nxd7 Nxd7 21. b5 c5 22. dxc5 Ndxc5 23. b6 Ra8 24. Bh7+ Kh8 25. Bf5 Rc8 26. Rd1 Rc6 27. Bxe6 Nxe6 28. Qb3 Rd6 29. Qb4 Qd7 30. Rb3 Rd8 31. Rc3 Rc6 32. Rxc6 Qxc6 33. Rc1 Qd6 34. Qb2 Kg8 35. Nd4 Nxd4 36. Qxd4 Rd7 37. Rc8+ Kh7 38. Qd3+ Qg6 39. Qxg6+ Kxg6 40. Rc7 Rd6 41. Rxb7 d4 42. exd4 Rxd4 43. Rc7 Rb4 44. b7 h5 45. Kf1 f6 46. Ke2 Kh6 47. Kd3 g5 48. Kc3 Rb1 49. Kd4 Kg6 50. Kd5 g4 51. hxg4 hxg4 52. Kc6 Rc1+ 53. Kd7 1-0

[Event "SpeedChess Final 2025"]
[Site "London ENG"]
[Date "2026.02.07"]
[Round "1.18"]
[White "Lazavik, Denis"]
[Black "Carlsen, M."]
[Result "1/2-1/2"]
[WhiteElo "2605"]
[BlackElo "2840"]
[PlyCount "112"]
[EventDate "2026.02.07"]
[EventType "k.o."]

1. d4 d5 2. c4 e6 3. Nc3 Be7 4. cxd5 exd5 5. Bf4 Nf6 6. e3 O-O 7. Bd3 c5 8. Nge2 Nc6 9. O-O cxd4 ({RR} 9... Bg4 10. dxc5 Bxc5 11. h3 Bxe2 12. Nxe2 Qb6 13. Ng3 g6 14. Rb1 Rad8 15. b4 Bd6 16. Bg5 Be7 17. b5 Ne5 18. Be2 d4 19. exd4 Rxd4 20. Qb3 Bc5 21. Rbd1 Rxd1 22. Qxd1 Re8 23. Qc1 Ned7 24. a4 {Carlsen,M (2841)-Esipenko,A (2684) Bangkok THA 2026 1-0 (38)}) ({RR} 9... Bg4 10. dxc5 Bxc5 11. h3 Bxe2 12. Nxe2 Qe7 13. Bg5 h6 14. Bh4 Qe5 15. Rc1 Bb6 16. Qb3 Ne4 17. Rfd1 Nc5 18. Qb5 Nxd3 19. Qxd3 Qxb2 20. Rb1 Qxa2 21. Nf4 Qc4 22. Qxd5 Qxd5 23. Nxd5 Bd8 24. Bxd8 {Sivuk,V (2517)-Cederstam,C (2376) Upplands Vasby SWE 2026 ½-½ (38)}) 10. exd4 Bd6 11. Qd2 $146 ({RR} 11. a3 a6 12. Bc2 Bxf4 13. Nxf4 Qd6 14. Qd2 Na5 15. b4 Nc4 16. Qd3 Nb6 17. Qg3 Rd8 18. Rfe1 Qf8 19. Re5 Rd6 20. Bb3 Be6 21. Rae1 Rc8 22. h3 Re8 23. a4 Nc4 24. R5e2 Bd7 25. a5 Rxe2 {Benitah,Y (2397)-Eliet,N (2379) France 2000 ½-½}) 11... Re8 12. Ng3 Bxf4 13. Qxf4 Be6 14. Rad1 Qb8 15. Nge2 Qxf4 16. Nxf4 Rad8 17. h4 h6 18. f3 g5 19. hxg5 hxg5 20. Nfe2 Kg7 21. Kf2 Rh8 22. Rh1 Rxh1 23. Rxh1 Rh8 24. Rxh8 Kxh8 25. a3 Kg7 26. Ke3 Ne8 27. f4 f6 28. f5 Bf7 29. g4 Nd6 30. b3 Kf8 31. Nc1 Ke7 32. Be2 Ne8 33. Bf3 Nc7 34. N1e2 Kd6 35. Kd3 Ne7 36. Ng3 Be8 37. Kd2 Nb5 38. Nxb5+ Bxb5 39. Be2 Be8 40. Bd3 a5 41. Kc3 b6 42. Nf1 b5 43. b4 a4 44. Ne3 Nc8 45. Be2 Bc6 46. Bd3 Kd7 47. Kd2 Nd6 48. Kc3 Ke7 49. Kd2 Nc4+ 50. Bxc4 dxc4 51. Kc3 Bf3 52. Kd2 Kd6 53. Kc3 Kc6 54. Kd2 Kd6 55. Kc3 Kc6 56. Kd2 Kd6 1/2-1/2

[Event "2nd 3-0 Thu 11th Dec 2025"]
[Site "chess.com INT"]
[Date "2025.12.11"]
[Round "3"]
[White "Hansen, Eric"]
[Black "Bluebaum, M."]
[Result "0-1"]
[WhiteElo "2609"]
[BlackElo "2679"]
[PlyCount "92"]
[EventDate "2025.12.11"]

1. d4 d5 2. c4 e6 3. Nc3 Bb4 4. Qa4+ Nc6 5. Nf3 Nf6 6. Bg5 dxc4 7. e3 Bd7 8. Qc2 b5 9. Be2 a6 10. O-O ({RR} 10. a3 Be7 11. e4 O-O 12. Rd1 Re8 13. h4 Ng4 14. Bf4 e5 15. Nxe5 Ngxe5 16. dxe5 Bf8 17. Qd2 Be6 18. Qe3 Qe7 19. O-O Qc5 20. Qg3 Rad8 21. h5 Nd4 22. Bg4 Bxg4 23. Qxg4 c6 24. Bg5 Be7 {Radjabov,T (2765)-Anton Guijarro,D (2675) chess24.com INT 2020 0-1 (57)}) 10... O-O 11. a4 ({RR} 11. Rfd1 Be7 12. Rac1 h6 13. Bh4 Nd5 14. Bxe7 Qxe7 15. Ne4 Rfd8 16. b3 cxb3 17. axb3 Be8 18. Qb2 b4 19. Bc4 a5 20. Bxd5 exd5 21. Nc5 Rdb8 22. Ne5 Na7 23. Ra1 Nb5 24. h3 Nc3 25. Rdc1 Bb5 {Rustemov,A (2525)-Bluebaum,M (2694) chess.com INT 2026 1-0 (61)}) 11... Na5 12. Ne5 $146 ({RR} 12. e4 h6 13. Bh4 Be7 14. axb5 axb5 15. Ne5 Be8 16. Rfd1 Nb3 17. Rxa8 Qxa8 18. d5 Nxd5 19. Nxd5 Bxh4 20. Nxc7 Qa7 21. Nxe8 Qxf2+ 22. Kh1 Nd4 23. Rxd4 Qxd4 24. Nf3 Qd8 25. Nd6 Qxd6 26. Nxh4 Ra8 {Krysa,L (2503)-Bluebaum,M (2618) Chess.com INT 2018 0-1 (35)}) 12... Be8 13. Bf3 Rb8 14. axb5 axb5 15. Ne4 Nb3 16. Ra7 Be7 17. Bf4 Nd5 18. Bg3 f6 19. Ng4 f5 20. Ne5 fxe4 21. Bxe4 Nf6 22. Bf3 Bd6 23. h3 c5 24. dxc5 Bxc5 25. Ra6 Qd2 26. Qb1 Qb4 27. Rxe6 Nd2 28. Qf5 Nxf3+ 29. Qxf3 Rd8 30. Qb7 Qxb2 31. Qc7 Rd5 32. Bh4 Bd6 33. Rxd6 Qxe5 34. Bg3 Qe4 35. Rb6 Rd7 36. Qc8 Rdf7 37. Bd6 Bd7 38. Qa6 Re8 39. Bc5 Nd5 40. Rd6 Nc3 41. f3 Qc2 42. e4 Ne2+ 43. Kh2 Nf4 44. Rf2 Qc1 45. Qb6 Nd3 46. Re2 Qf4+ 0-1

[Event "Titled Tue 19th May 2026"]
[Site "chess.com INT"]
[Date "2026.05.19"]
[Round "3"]
[White "Shankland, S."]
[Black "Nakamura, Hi"]
[Result "1/2-1/2"]
[WhiteElo "2647"]
[BlackElo "2792"]
[PlyCount "75"]
[EventDate "2026.05.19"]

1. d4 d5 2. c4 e6 3. Nc3 h6 4. Nf3 Nf6 5. g3 Be7 6. Bg2 O-O 7. O-O b6 ({RR} 7... dxc4 8. Ne5 c5 9. dxc5 Bxc5 10. Nxc4 Nc6 11. Bf4 Qe7 12. Bd6 Bxd6 13. Qxd6 Qxd6 14. Nxd6 Rd8 15. Rfd1 Kf8 16. Nde4 Nxe4 17. Nxe4 Ke7 18. Nc5 Rxd1+ 19. Rxd1 Nd8 20. f4 Rb8 21. Kf2 b6 22. Nd3 {Velten,P (2500)-Medhus,V (2401) Katowice POL 2026 ½-½}) ({RR} 7... dxc4 8. Ne5 Nc6 9. Bxc6 bxc6 10. Nxc6 Qe8 11. Nxe7+ Qxe7 12. Qa4 a5 13. Qxc4 Ba6 14. Qc5 Qxc5 15. dxc5 Rfd8 16. Re1 Nd5 17. Nxd5 Rxd5 18. Be3 a4 19. f3 f6 20. Kf2 c6 21. Red1 Bc4 22. Rd4 {Sindarov,J (2745)-Nakamura,H (2810) Pegeia CYP 2026 ½-½ (33)}) 8. cxd5 exd5 9. Bf4 Bb7 $146 ({RR} 9... Bd6 10. Be5 a6 11. Bxf6 Qxf6 12. Nxd5 Qd8 13. e4 c6 14. Ne3 Ra7 15. Qc2 a5 16. a3 Re7 17. e5 Bc7 18. Rfd1 Be6 19. Qc3 f6 20. Nh4 Qe8 21. Be4 Bf7 22. Nhf5 Re6 23. f4 fxe5 24. dxe5 {Adu Poku,K (1966)-Koney,N (1603) Tema 2022 1-0 (38)}) ({RR} 9... Bd6 10. Be5 a6 11. Bxf6 Qxf6 12. Nxd5 Qd8 13. e4 c6 14. Ne3 Ra7 15. Qc2 a5 16. a3 Re7 17. e5 Bc7 18. Rfd1 Be6 19. Qc3 f6 20. Nh4 Qe8 21. Be4 Bf7 22. Nhf5 Re6 23. f4 fxe5 24. dxe5 {Adu Poku,K (1966)-Koney,N (1603) Tema 2022 1-0 (38)}) 10. Rc1 Nh5 11. e3 Nd7 12. Bxc7 Qxc7 13. Nxd5 Qd8 14. Nxe7+ Qxe7 15. Rc7 Bxf3 16. Bxf3 Nhf6 17. Bxa8 Rxa8 18. Qa4 a5 19. Rfc1 h5 20. e4 Qxe4 21. Rxd7 Nxd7 22. Qxd7 h4 23. Qc6 Re8 24. Qxe4 Rxe4 25. Rc8+ Kh7 26. Rb8 Rxd4 27. Rxb6 h3 28. Kf1 Rd2 29. a4 g5 30. b3 Rb2 31. g4 Kg7 32. Rb5 f6 33. Rxa5 Rxb3 34. Ke2 Rb4 35. Kf3 Rb3+ 36. Ke2 Rb4 37. Kf3 Rb3+ 38. Ke2 1/2-1/2

[Event "Titled Tue 19th May 2026"]
[Site "chess.com INT"]
[Date "2026.05.19"]
[Round "4"]
[White "Sarana, A."]
[Black "Henriquez Villagra, C."]
[Result "1-0"]
[WhiteElo "2664"]
[BlackElo "2603"]
[PlyCount "63"]
[EventDate "2026.05.19"]

1. d4 d5 2. c4 e6 3. Nc3 c6 4. Nf3 Nd7 5. e3 f5 6. Bd3 Nh6 7. Qc2 Bd6 8. Bd2 O-O 9. h3 Nf6 10. O-O-O Ne4 11. Be1 Bd7 12. Kb1 $146 ({RR} 12. Ne5 Bxe5 13. dxe5 Nf7 14. f4 b5 15. cxb5 cxb5 16. Kb1 Rc8 17. Bxe4 fxe4 18. Qd2 Qb6 19. Ne2 Nd8 20. Nd4 {½-½ (20) Hohler,P (2197)-Grinberg,I (2146) Porto 2014}) 12... b5 13. c5 Bc7 14. Ne2 Nf7 15. g4 Qf6 16. gxf5 exf5 17. Nf4 Qh6 18. Qc1 Rae8 19. h4 g5 20. Nxg5 Nexg5 21. Ba5 Ne6 22. Rdg1+ Kh8 23. Bxc7 Nxc7 24. h5 Rd8 25. Ng6+ Kg7 26. f4 Kf6 27. Qe1 Rfe8 28. Qh4+ Ke6 29. Ne5 Nxe5 30. fxe5 Rg8 31. Bxf5+ Kxf5 32. Rf1+ 1-0